Ricostruisci la Carriera del Calciatore - Roberto Baggio - Statistics

Statistiche generali
  • Questo quiz è stato fatto 134 volte
  • Il punteggio medio è 5 su 7
Statistiche sulle risposte
Hint Risposta % Corretto
1982-1985 L.R. Vicenza
89%
2000-2004 Brescia
86%
1990-1995 Juventus
78%
1985-1990 Fiorentina
72%
1995-1997 Milan
53%
1998-2000 Inter
48%
1997-1998 Bologna
35%
Nessun quiz corrispondente trovato
Distribuzione punteggi
Percentuale di utenti per punteggio
Percentile per numero di risposta
I tuoi punteggi nel tempo
Non hai fatto questo quiz